Republic of Armenia : Poverty Reduction Strategy Paper Progress Report; Joint Staff Advisory Note.

This Joint Staff Advisory Note (JSAN) discusses Poverty Reduction Strategy Paper (PRSP) for Armenia, which focuses on the government's commitment to equitable growth and sustained poverty reduction. It reports on the progress in addressing issues raised in the previous JSAN, and provides IMF st...

Полное описание

Библиографические подробности
Соавтор: International Monetary Fund
Формат: Журнал
Язык:English
Опубликовано: Washington, D.C. : International Monetary Fund, 2006.
Серии:IMF Staff Country Reports; Country Report ; No. 2006/320
Online-ссылка:Full text available on IMF
LEADER 01669cas a2200241 a 4500
001 AALejournalIMF004451
008 230101c9999 xx r poo 0 0eng d
020 |c 5.00 USD 
020 |z 9781451801637 
022 |a 1934-7685 
040 |a BD-DhAAL  |c BD-DhAAL 
110 2 |a International Monetary Fund. 
245 1 0 |a Republic of Armenia :   |b Poverty Reduction Strategy Paper Progress Report; Joint Staff Advisory Note. 
264 1 |a Washington, D.C. :  |b International Monetary Fund,  |c 2006. 
300 |a 1 online resource (11 pages) 
490 1 |a IMF Staff Country Reports 
500 |a <strong>Off-Campus Access:</strong> No User ID or Password Required 
500 |a <strong>On-Campus Access:</strong> No User ID or Password Required 
506 |a Electronic access restricted to authorized BRAC University faculty, staff and students 
520 3 |a This Joint Staff Advisory Note (JSAN) discusses Poverty Reduction Strategy Paper (PRSP) for Armenia, which focuses on the government's commitment to equitable growth and sustained poverty reduction. It reports on the progress in addressing issues raised in the previous JSAN, and provides IMF staff's advice on key priorities for strengthening the PRSP process further. The second PRSP Progress Report provides strong evidence of rapid economic growth, a notable reduction in poverty, and a number of other accomplishments, particularly in fiscal policy and social service delivery. 
538 |a Mode of access: Internet 
830 0 |a IMF Staff Country Reports; Country Report ;  |v No. 2006/320 
856 4 0 |z Full text available on IMF  |u http://elibrary.imf.org/view/journals/002/2006/320/002.2006.issue-320-en.xml  |z IMF e-Library